| 000 | 00810nam a2200265Ia 4500 | ||
|---|---|---|---|
| 003 | OSt | ||
| 005 | 20221005072918.0 | ||
| 006 | a|||||r|||| 00| 0 | ||
| 007 | ta | ||
| 008 | 221004b |||||||| |||| 00| 0 ara d | ||
| 020 |
_a9788193438657 (hbk) _cIndian Rupees 225 |
||
| 024 | _a40611 | ||
| 037 |
_bGift, 27/10/2018, _cTextual |
||
| 040 |
_aCRL _cCRL _bara |
||
| 041 |
_2ara _aara |
||
| 082 | _aP28:g, Q8 | ||
| 100 |
_aAkkram Mohammad Au. _9607595 |
||
| 245 | 0 |
_aNashatul muajim wal mustalahat al-arabia attibbia _b manzurun tarikhiyun |
|
| 260 |
_aNew Delhi _bFirdaus masjid India _c2018 |
||
| 300 |
_a304p. _ccm. |
||
| 650 | _a CRITICISM | ||
| 650 |
_aARABIC LANGUAGE _931794 |
||
| 942 |
_hP28:g, Q8 _cTEXL _2cc |
||
| 999 |
_c980283 _d980283 |
||